Didáctica de la lengua: ¿cómo enseñar? ¿cómo aprender?

Gardado en:
Detalles Bibliográficos
Autor Principal: Luchetti, Elena Liliana (autora)
Formato: Libro
Idioma:Lingua castelá
Publicado: Buenos Aires Bonum 2005
Edición:1a. ed
Subjects:
Tags: Engadir etiqueta
Sen Etiquetas, Sexa o primeiro en etiquetar este rexistro!

MARC

LEADER 00000nam a2200000 a 4500
001 UCK9121
003 CL-VaPUC
008 060421e20050000AG |||||||||||||||||spa|d
020 |a 9505077300 
082 0 4 |a 372.6  |b LUC  |2 21 
100 |a Luchetti, Elena Liliana  |e autora  |9 580452 
245 1 0 |a Didáctica de la lengua: ¿cómo enseñar? ¿cómo aprender? 
250 |a 1a. ed 
300 |a 139 p 
942 |c BK 
945 |d 20060421 00:00:00  |a cmena 
260 |a Buenos Aires  |b Bonum  |c 2005 
650 0 |a Educación lingüística  |9 306506 
650 0 |a Educación básica   |9 224933 
650 0 |a Métodos de enseñanza  |9 270413 
650 7 |a GUIAS PEDAGOGICAS  |2 CL-VaPUC  |9 498829 
650 0 |a Enseñanza de la lectura  |9 308364 
650 0 |a Enseñanza de la escritura  |9 307377 
583 |a last modification  |c 20060421 00:00:00  |k Rodrigo Vera 
999 |c 316406  |d 316404 
952 |0 0  |1 0  |4 0  |6 372_600000000000000_LUC_2005  |7 0  |8 A  |9 390775  |a FDOPOS  |b FDOPOS  |d 2019-11-22  |i 4209850  |o 372.6 LUC 2005  |p 4209850  |r 2025-01-22  |w 2019-11-22  |y BK  |k MLA